01046cam a2200289 a 4500999001700000001000900017003000400026005001700030008004100047010001700088020002900105035002300134040002500157042001400182050002400196082002000220100002000240245005300260250001200313260004900325300004200374504006400416650006700480906004500547942003700592952012700629 c25918d2591813960647OSt20170201151353.0050510s2006 caua bf 001 0 eng d a 2005927283 a0534647278 (student ed.) a(OCoLC)ocm61206919 aCUMcCUMdBAKERdDLC alccopycat00aPN1992.75b.Z4 200600a791.4502/322221 aZettl, Herbert.10aTelevision production handbook /cHerbert Zettl. a9th ed. aBelmont, Calif. :bThomas Wadsworth,cc2006. axxviii, 548 p. :bcol. ill. ;c26 cm. aIncludes bibliographical references (p. 532-533) and index. 0aTelevisionxProduction and directionvHandbooks, manuals, etc. a7bcbcccopycatd2eepcnf20gy-gencatlg 2lcccBOOKShPN 1992.75 .Z48 2006 00102lcc4070aMUCbMUCcTECHd2017-02-01eDonation (BFA)l0oPN 1992.75 .Z48 2006p33635r2018-07-12w2017-02-01yBOOKS